00470 2200169 4500001002100000008004100021035002000062245006800082100001600150260003000166300002100196020002200217084001600239082000800255650002300263990001400286INLIS000000000000238 ind  a0010-0625000030 aBuku Penilaian BUPENA Fisika untuk SMA/MA Kelas XIIcAri Damari aDamari, Ari aJakarta:bErlangga,c2019 a200 hlm.c26 cm. a978-602-434-307-1 a530 DAM b-4 a530 aPelajaran - Fisika a000000258